00338nam a22001217a 450000500170000000800410001708200140005811000270007224500550009926000460015430000080020065000080020820200604094714.0200604b xxu||||| |||| 00| 0 eng d a345.4 AIR aThe All India Reporter aThe All India Reporter1987 (V-74) RAJASTAN Section aBOMBAYbThe All India Reporter Ltd.c1987 a380 aLAW